|
|
|
|
| LEADER |
01101nam a2200265 a 4500 |
| 001 |
2665 |
| 003 |
BD-DhAAL |
| 005 |
20150920121335.0 |
| 008 |
150920s1989 caua f 000 0 eng |
| 010 |
|
|
|a 89004950
|
| 020 |
|
|
|a 8186767023
|
| 020 |
|
|
|a 0883902311 (looseleaf) :
|c $79.95
|
| 040 |
|
|
|a DLC
|c DLC
|d DLC
|d BD-DhAAL
|
| 050 |
0 |
0 |
|a HM134
|b .E536 1989
|
| 082 |
0 |
0 |
|a 302/.14
|2 20
|
| 245 |
0 |
4 |
|a The Encyclopedia of group activities :
|b 150 practical designs for successful facilitating /
|c edited by J. William Pfeiffer.
|
| 260 |
|
|
|a San Diego, Calif. :
|b University Associates,
|c c1989.
|
| 300 |
|
|
|a vii, 431 p. :
|b ill. ;
|c 25 cm.
|
| 541 |
|
|
|e 2665
|
| 650 |
|
0 |
|a Group relations training
|x Handbooks, manuals, etc.
|9 14861
|
| 650 |
|
0 |
|a Group relations training
|x Problems, exercises, etc.
|9 14862
|
| 700 |
1 |
|
|a Pfeiffer, J. William.
|9 6959
|
| 942 |
|
|
|2 ddc
|c BK
|
| 999 |
|
|
|c 35613
|d 35613
|
| 952 |
|
|
|0 0
|1 0
|2 ddc
|4 0
|6 302_000000000000000__14_ENC
|7 0
|9 55998
|a SCL
|b SCL
|c GEN
|d 2015-09-20
|g 1174.00
|l 0
|o 302.14 ENC
|p 3020002665
|r 2015-09-20
|t 1
|w 2015-09-20
|y BK
|x 'The mentioned price is BDT conversion, actual price was RS995'
|